David Roi d'Israel / (Registro nro. 28475)
[ vista simple ]
| 000 -LEADER | |
|---|---|
| campo de control de longitud fija | 00652nam a2200217 i 4500 |
| 001 - NÚMERO DE CONTROL | |
| campo de control | 28475 |
| 003 - IDENTIFICADOR DE NÚMERO DE CONTROL | |
| campo de control | ES-MaACL |
| 005 - FECHA Y HORA DE LA ÚLTIMA TRANSACCIÓN | |
| campo de control | 20230906153848.0 |
| 007 - CAMPO FIJO DE DESCRIPCIÓN FÍSICA--INFORMACIÓN GENERAL | |
| campo de control de longitud fija | t| |
| 008 - DATOS DE LONGITUD FIJA--INFORMACIÓN GENERAL | |
| campo de control de longitud fija | 030117s1935 fr ||||1| fre d |
| 100 1# - ENTRADA PRINCIPAL--NOMBRE DE PERSONA | |
| Nombre de persona | Baentsch, B. |
| 9 (RLIN) | 24592 |
| 245 10 - MENCIÓN DEL TÍTULO | |
| Título | David Roi d'Israel / |
| Mención de responsabilidad, etc. | B. Baentsch ; avant propos et traduction de Jacques Marty. |
| 250 ## - MENCION DE EDICION | |
| Mención de edición | [1ere ed.]. |
| 260 ## - PUBLICACIÓN, DISTRIBUCIÓN, ETC. | |
| Lugar de publicación, distribución, etc. | París : |
| Nombre del editor, distribuidor, etc. | Payot, |
| Fecha de publicación, distribución, etc. | 1935 ( |
| Lugar de fabricación/manufactura | Dijon : |
| Fabricante | Darantierre) |
| 300 ## - DESCRIPCIÓN FÍSICA | |
| Extensión | 246 p. ; |
| Dimensiones | 23 cm. |
| 490 1# - MENCIÓN DE SERIE | |
| Mención de serie | Bibliothèque historique |
| 700 1# - ENTRADA AGREGADA--NOMBRE PERSONAL | |
| Nombre de persona | Marty, Jacques. |
| 9 (RLIN) | 78564 |
| 830 0# - PUNTO DE ACCESO ADICIONAL DE SERIE-TÍTULO UNIFORME | |
| Título uniforme | Bibliothèque historique |
| 9 (RLIN) | 180899 |
| 852 ## - LOCALIZACIÓN | |
| Ubicación | ES-MaACL |
| Número de control de estantería | A-3992 |
| Sublocalización o colección | R.15960 |
| Estatus retirado | Estado de pérdida | Estado de daño | No para préstamo | Biblioteca de origen | Biblioteca actual | Ubicación en estantería | Fecha de adquisición | Fuente de adquisición | Total de préstamos | Signatura topográfica completa | Código de barras | Visto por última vez | Precio de reemplazo | Tipo de ítem Koha |
|---|---|---|---|---|---|---|---|---|---|---|---|---|---|---|
| Biblioteca del Ateneo de Madrid | Biblioteca del Ateneo de Madrid | Sala Pecera Planta 1 | 17/01/2008 | A-3992 | 1029396 | 23/02/2023 | 23/02/2023 | Libro impreso |
